[Event "PRO League Group Stage"]
[Site "chess.com INT"]
[Date "2018.02.07"]
[Round "5"]
[White "Gupta, Abhijeet"]
[Black "Ehlvest, Jaan"]
[Result "1/2-1/2"]
[WhiteTitle "GM"]
[BlackTitle "GM"]
[WhiteElo "2610"]
[BlackElo "2536"]
[WhiteTeam "Delhi Dynamite"]
[BlackTeam "Estonia Horses"]
[WhiteFideId "5010608"]
[BlackFideId "4500016"]
[EventDate "2018.01.18"]

1. Nf3 d6 2. d4 g6 3. c4 Bg7 4. e4 Nf6 5. Nc3 Bg4 6. Be2 Nfd7 7. d5 Nc5 8. Nd4
Bxe2 9. Ndxe2 a5 10. Be3 Nbd7 11. Qd2 a4 12. O-O O-O 13. f4 e6 14. Bd4 Bxd4+ 15.
Nxd4 e5 16. Nf3 exf4 17. Qxf4 Qe7 18. Qh6 Ne5 19. Rae1 Ncd3 20. Re2 Nxf3+ 21.
Rxf3 Ne5 22. Rg3 Nxc4 23. Nb5 Qe5 24. Rh3 Qg7 25. Qxg7+ Kxg7 26. Rc3 c6 27. dxc6
bxc6 28. Nd4 Ne5 29. Nxc6 Rfc8 30. Nxe5 Rxc3 31. bxc3 dxe5 32. Kf2 Kf6 33. Ke3
Rb8 34. c4 Ke6 35. Kd3 f5 36. c5 Rb4 37. exf5+ gxf5 38. Rc2 Rd4+ 39. Ke3 Kd7 40.
c6+ Kc7 41. Rc5 Re4+ 42. Kd3 h5 43. a3 h4 44. h3 Rd4+ 45. Kc3 Re4 46. Kd3 Rd4+
47. Kc3 Re4 48. Kd3 1/2-1/2

[Event "PRO League Group Stage"]
[Site "chess.com INT"]
[Date "2018.02.07"]
[Round "5"]
[White "Gupta, Abhijeet"]
[Black "Kanep, Meelis"]
[Result "0-1"]
[WhiteTitle "GM"]
[BlackTitle "GM"]
[WhiteElo "2610"]
[BlackElo "2446"]
[WhiteTeam "Delhi Dynamite"]
[BlackTeam "Estonia Horses"]
[WhiteFideId "5010608"]
[BlackFideId "4501047"]
[EventDate "2018.01.18"]

1. d4 d5 2. c4 dxc4 3. Nf3 a6 4. e3 Bg4 5. Bxc4 e6 6. h3 Bh5 7. Nc3 Nc6 8. Be2
Nf6 9. O-O Bd6 10. b3 O-O 11. Bb2 Qe8 12. Nd2 Bxe2 13. Nxe2 b5 14. e4 e5 15. f4
exd4 16. e5 d3 17. Ng3 Bc5+ 18. Kh1 Nd5 19. Qf3 Rd8 20. Nf5 Nce7 21. Nxg7 Kxg7
22. Ne4 Be3 23. f5 Kh8 24. Rad1 d2 25. Qh5 Qc6 26. e6+ f6 27. Rf3 Ng8 28. Rg3
Bh6 29. Rxg8+ Kxg8 30. Qxh6 Qc2 31. Nxf6+ Rxf6 32. Qg5+ Kf8 33. Bxf6 Qxd1+ 34.
Kh2 Qg1+ 35. Kxg1 d1=Q+ 36. Kh2 Nxf6 37. Qxf6+ Kg8 38. Qf7+ Kh8 39. Qf6+ Kg8 40.
Qf7+ Kh8 41. Qxc7 Qd5 42. Qc3+ Kg8 43. Qg3+ Kh8 44. Qc3+ Kg8 45. Qg3+ Kh8 46. f6
Rg8 47. f7 Rxg3 48. f8=Q+ Rg8 49. Qf6+ Rg7 50. Qf8+ Rg8 51. Qf6+ Rg7 52. e7
Qxg2# 0-1

[Event "PRO League Group Stage"]
[Site "chess.com INT"]
[Date "2018.02.07"]
[Round "5"]
[White "Ladva, Ottomar"]
[Black "Gupta, Abhijeet"]
[Result "0-1"]
[WhiteTitle "GM"]
[BlackTitle "GM"]
[WhiteElo "2522"]
[BlackElo "2610"]
[WhiteTeam "Estonia Horses"]
[BlackTeam "Delhi Dynamite"]
[WhiteFideId "4500024"]
[BlackFideId "5010608"]
[EventDate "2018.01.18"]

1. d4 Nf6 2. Nf3 g6 3. Nc3 d5 4. Bf4 Bg7 5. Nb5 Na6 6. e3 O-O 7. h3 Bf5 8. Be2
c6 9. Nc3 Qb6 10. Na4 Qa5+ 11. c3 b5 12. Ne5 Rfc8 13. g4 Be6 14. b4 Nxb4 15.
cxb4 Qxb4+ 16. Kf1 bxa4 17. Ba6 c5 18. Nd3 Qa5 19. Bxc8 Rxc8 20. Nxc5 Rxc5 21.
dxc5 Ne4 22. c6 g5 23. Bg3 d4 24. exd4 Qd5 25. Kg1 Bxd4 26. Kh2 h5 27. gxh5 f5
28. Rg1 Kh7 29. f3 Nxg3 30. Rxg3 Qe5 31. Rc1 Bf2 32. f4 Bxg3+ 33. Kxg3 gxf4+ 34.
Kf2 Qe3+ 35. Kf1 Qxh3+ 36. Kg1 Qg3+ 37. Kf1 Qh3+ 38. Kg1 Qe3+ 39. Kf1 Bc8 0-1

[Event "PRO League Group Stage"]
[Site "chess.com INT"]
[Date "2018.02.07"]
[Round "5"]
[White "Ladva, Ottomar"]
[Black "Grover, Sahaj"]
[Result "1-0"]
[WhiteTitle "GM"]
[BlackTitle "GM"]
[WhiteElo "2522"]
[BlackElo "2484"]
[WhiteTeam "Estonia Horses"]
[BlackTeam "Delhi Dynamite"]
[WhiteFideId "4500024"]
[BlackFideId "5021103"]
[EventDate "2018.01.18"]

1. d4 Nf6 2. Nf3 d5 3. c4 e6 4. g3 dxc4 5. Bg2 Bb4+ 6. Bd2 c5 7. Bxb4 cxb4 8. a3
Bd7 9. axb4 Bc6 10. O-O O-O 11. b5 Bxb5 12. Na3 Ba6 13. Ne5 Nbd7 14. Naxc4 Nxe5
15. Nxe5 Qb6 16. Qd2 Rfd8 17. Rfd1 Rac8 18. e3 Nd5 19. Rdc1 Qb4 20. Qxb4 Nxb4
21. Rxc8 Rxc8 22. Nd7 Rc2 23. Nc5 Rxb2 24. Bxb7 Bxb7 25. Nxb7 Nc6 26. Nd6 Kf8
27. Rc1 Rb6 28. Nc8 Ra6 29. Rb1 Nd8 30. Rb8 Ke8 31. Ra8 Rc6 32. e4 Kd7 33. Nxa7
Ra6 34. d5 Ra4 35. Kg2 exd5 36. exd5 Ra3 37. g4 Nb7 38. Rf8 Ke7 39. Rc8 Kd7 40.
Nb5 Kxc8 41. Nxa3 Nd6 42. Kf3 Kc7 43. Ke3 Kd7 44. Kd4 Ne8 45. Nc4 Nf6 46. f3 Ke7
47. Kc5 Nd7+ 48. Kc6 Nb8+ 49. Kb7 Nd7 50. Kc7 Nc5 51. Kc6 Nd7 52. f4 Nb8+ 53.
Kb7 Nd7 54. Kc7 Nc5 55. Kc6 Nd7 56. d6+ Kd8 57. Ne5 Nb8+ 58. Kd5 f6 59. Nc6+ 1-0

[Event "PRO League Group Stage"]
[Site "chess.com INT"]
[Date "2018.02.07"]
[Round "5"]
[White "Ivlev, Aleksey"]
[Black "Manukian, Artak"]
[Result "1-0"]
[WhiteTitle "FM"]
[WhiteElo "2300"]
[BlackElo "2196"]
[WhiteTeam "Volga Stormbringers"]
[BlackTeam "Armenia Eagles"]
[WhiteFideId "24185949"]
[BlackFideId "13301373"]
[EventDate "2018.01.18"]

1. d4 d5 2. c4 dxc4 3. e4 Nf6 4. e5 Nd5 5. Bxc4 Nb6 6. Bd3 Nc6 7. Ne2 Bg4 8. f3
Be6 9. Nbc3 Qd7 10. Be4 Bd5 11. Nxd5 Nxd5 12. O-O e6 13. Bd2 Be7 14. Rc1 O-O 15.
a3 Rad8 16. b4 a6 17. Qb3 f5 18. Bb1 Rfe8 19. f4 b5 20. Kh1 Bf8 21. g4 Nce7 22.
Rg1 g6 23. h4 Kf7 24. Ng3 Bh6 25. Qf3 Rg8 26. h5 Nb6 27. hxg6+ hxg6 28. gxf5
exf5 29. Ba2+ Nbd5 30. Kg2 c6 31. Rh1 Rh8 32. Bb3 Bg7 33. Rxh8 Rxh8 34. Nf1 Qe6
35. a4 Rh4 36. axb5 axb5 37. Ra1 Bh6 38. Ra7 Bxf4 39. Be1 Rg4+ 40. Kh1 g5 41.
Qh3 Qg6 42. Bc2 Kg7 43. Rd7 Qh6 44. Qxh6+ Kxh6 45. Bd1 Rh4+ 46. Bxh4 gxh4 47.
Bf3 Kg5 48. Bg2 Bc1 49. Nh2 Ba3 50. Nf3+ Kg4 51. e6 Bxb4 52. Ne5+ Kf4 53. Nd3+
Ke3 54. Nxb4 Nxb4 55. Rxe7 f4 56. Rd7 f3 57. e7 fxg2+ 58. Kxg2 Nd5 59. e8=Q+
Kxd4 60. Qh8+ Kc5 61. Qxh4 b4 62. Qf2+ Kb5 63. Rb7+ Kc4 64. Qe2+ Kc5 65. Qc2+
Kd6 66. Kf2 c5 67. Qg6+ Ke5 68. Rd7 Nf4 69. Re7+ Kd4 70. Re4+ 1-0

[Event "PRO League Group Stage"]
[Site "chess.com INT"]
[Date "2018.02.07"]
[Round "5"]
[White "Ivlev, Aleksey"]
[Black "Andriasian, Zaven"]
[Result "0-1"]
[WhiteTitle "FM"]
[BlackTitle "GM"]
[WhiteElo "2300"]
[BlackElo "2585"]
[WhiteTeam "Volga Stormbringers"]
[BlackTeam "Armenia Eagles"]
[WhiteFideId "24185949"]
[BlackFideId "13302000"]
[EventDate "2018.01.18"]

1. d4 Nf6 2. Nf3 g6 3. c4 Bg7 4. Nc3 d6 5. e4 O-O 6. Be2 Nbd7 7. Be3 e5 8. d5
Ng4 9. Bg5 f6 10. Bh4 h5 11. h3 Nh6 12. Qd2 Nf7 13. O-O Bh6 14. Qc2 Ng5 15. Nd2
Rf7 16. b4 Nh7 17. Nb3 Bf4 18. c5 Ndf8 19. Bg3 Rg7 20. a4 f5 21. Bxf4 exf4 22.
exf5 Bxf5 23. Bd3 f3 24. Bxf5 gxf5 25. Qxf5 Qh4 26. Nd2 fxg2 27. Rfe1 Ng5 28.
Kh2 Rf7 29. Re4 Nxe4 30. Qxe4 Qxf2 31. Rg1 Rg7 32. Rxg2 Qxg2+ 33. Qxg2 Rxg2+ 34.
Kxg2 a5 35. cxd6 cxd6 36. bxa5 Rxa5 37. Nb3 Ra6 38. a5 Nd7 39. Kf3 Kf7 40. Nb5
Nc5 41. Nxd6+ Rxd6 42. Nxc5 Rxd5 43. Nxb7 Rd3+ 44. Kf4 Kf6 45. h4 Rd4+ 46. Kg3
Ra4 47. Kh3 Ra3+ 48. Kg2 Kf5 49. Kf2 Kg4 50. Nc5 Rxa5 51. Ne4 Kxh4 52. Kf3 Rf5+
53. Kg2 Kg4 54. Nf2+ Kg5 55. Nh3+ Kh4 56. Ng1 Ra5 57. Nf3+ Kg4 58. Nh2+ Kf4 59.
Kh3 Ra2 60. Nf1 Rb2 61. Nh2 Rf2 62. Ng4 hxg4+ 63. Kh4 Rh2# 0-1

[Event "PRO League Group Stage"]
[Site "chess.com INT"]
[Date "2018.02.07"]
[Round "5"]
[White "Lenderman, Aleksandr"]
[Black "Perez, Maximiliano"]
[Result "1/2-1/2"]
[WhiteTitle "GM"]
[BlackTitle "IM"]
[WhiteElo "2611"]
[BlackElo "2399"]
[WhiteTeam "Montclair Sopranos"]
[BlackTeam "Buenos Aires Krakens"]
[WhiteFideId "2021285"]
[BlackFideId "117234"]
[EventDate "2018.01.18"]

1. d4 Nf6 2. c4 g6 3. Nc3 Bg7 4. e4 d6 5. Nf3 O-O 6. Be2 e5 7. O-O Na6 8. Be3 c6
9. d5 Ng4 10. Bg5 f6 11. Bh4 c5 12. Ne1 Nh6 13. f3 Nf7 14. a3 b6 15. Nc2 Qe7 16.
b4 Bd7 17. Qd3 Nd8 18. Rfb1 Bh6 19. Ne3 Bg5 20. Bxg5 fxg5 21. Qd2 Nb7 22. Bd1 h5
23. Ba4 Bxa4 24. Nxa4 Rf4 25. Nc3 Raf8 26. Ne2 R4f7 27. Rf1 Nb8 28. Nc3 Nd7 29.
Nb5 Ra8 30. Nc7 Rc8 31. Ne6 Nf8 32. b5 Nxe6 33. dxe6 Qxe6 34. Nd5 Na5 35. Qxg5
Nxc4 36. a4 Rcf8 37. Rac1 Na5 38. Rc3 Kh7 39. Rd1 Nb7 40. h3 Qe8 41. Kf2 Nd8 42.
Qd2 Ne6 43. Kg1 Nd4 44. Ra3 Qd8 45. Qf2 Qg5 46. Kh1 Qh6 47. Qg3 g5 48. Ne3 Rf4
49. Qh2 Kg6 50. Ra2 Kh7 51. a5 Qe6 52. Nd5 R4f7 53. axb6 axb6 54. Rf2 Nxb5 55.
Nxb6 Nd4 56. Nd5 Rb7 57. Qg3 Qg6 58. Ne3 Rfb8 59. Rff1 Rb2 60. Nf5 Nxf5 61. exf5
Qxf5 62. Rxd6 Rb1 63. Rxb1 Rxb1+ 64. Kh2 h4 65. Qg4 Qxg4 66. hxg4 c4 67. Rc6 Rc1
68. Rc5 c3 69. Rxe5 c2 70. Rc5 Kg6 71. Rc6+ Kf7 72. Rc8 Ke6 73. Rc7 Ke5 74. Rc8
Kd4 75. Rc7 Ke3 76. Rc8 Kf2 77. Rc7 Ke3 78. Rc8 Kf2 79. Rc7 Ke3 80. Rc8 Kf2 1/2-1/2

[Event "PRO League Group Stage"]
[Site "chess.com INT"]
[Date "2018.02.07"]
[Round "5"]
[White "Lenderman, Aleksandr"]
[Black "Krysa, Leandro"]
[Result "1-0"]
[WhiteTitle "GM"]
[BlackTitle "GM"]
[WhiteElo "2611"]
[BlackElo "2548"]
[WhiteTeam "Montclair Sopranos"]
[BlackTeam "Buenos Aires Krakens"]
[WhiteFideId "2021285"]
[BlackFideId "116807"]
[EventDate "2018.01.18"]

1. c4 e5 2. g3 c6 3. Bg2 d5 4. cxd5 cxd5 5. d4 e4 6. Nh3 Bb4+ 7. Bd2 Qe7 8. O-O
Nf6 9. Qa4+ Nc6 10. Bxb4 Qxb4 11. Qxb4 Nxb4 12. Nc3 Bf5 13. Rac1 Nc6 14. Rfd1
O-O 15. Nf4 Rfd8 16. f3 exf3 17. Bxf3 Ne7 18. Na4 Rac8 19. Rxc8 Rxc8 20. Nc3 Rd8
21. Rf1 Kf8 22. e3 Bg4 23. Bg2 h5 24. h3 Be6 25. Kf2 Ke8 26. Bf3 g5 27. Nxh5
Nxh5 28. Bxh5 Bxh3 29. Rc1 Be6 30. Bf3 Rc8 31. Rh1 Kd7 32. Be2 Rg8 33. Na4 b6
34. Nc3 Nf5 35. Bb5+ Ke7 36. Bc6 Kd6 37. Bb5 Ke7 38. a4 Nd6 39. Bc6 Rc8 40.
Nxd5+ Bxd5 41. Bxd5 Rc2+ 42. Kf3 Rxb2 43. Rc1 Kd7 44. e4 Rb4 45. Ke3 Kd8 46. Rc6
Kd7 47. a5 Nb5 48. axb6 axb6 49. Rxb6 Nxd4 50. Rf6 Nb5 51. Rxf7+ Kd6 52. Rf6+
Ke7 53. Re6+ Kf8 54. Rg6 Ra4 55. Rxg5 Nc7 56. Rg8+ Ke7 57. Rg7+ Kd6 58. Rg6+ Ke5
59. Rg5+ Kd6 60. Bg8 Ra8 61. Bc4 Ra4 62. Bg8 Ra8 63. e5+ Kc5 64. Ke4 Ra1 65. Kf5
Rf1+ 66. Kg6 Kd4 67. Bf7 Rf2 68. e6 Re2 69. Kf6 Nd5+ 70. Rxd5+ Kxd5 71. e7+ Ke4
72. e8=Q+ Kf3 73. Qxe2+ 1-0

[Event "PRO League Group Stage"]
[Site "chess.com INT"]
[Date "2018.02.07"]
[Round "5"]
[White "Chen, Forest"]
[Black "Shetty, Atulya"]
[Result "0-1"]
[BlackTitle "IM"]
[WhiteElo "2107"]
[BlackElo "2389"]
[WhiteTeam "Saint Louis Arch Bishops"]
[BlackTeam "Pittsburgh Pawngrabbers"]
[WhiteFideId "30908205"]
[BlackFideId "2031213"]
[EventDate "2018.01.18"]

1. d4 d5 2. c4 c6 3. cxd5 cxd5 4. Bf4 Nf6 5. e3 Nc6 6. Nc3 a6 7. Bd3 Bg4 8. Nge2
e6 9. O-O Bd6 10. f3 Bh5 11. Na4 O-O 12. Nc5 Ra7 13. Rc1 Bg6 14. Nxb7 Rxb7 15.
Rxc6 Bxf4 16. Nxf4 Rxb2 17. Nxg6 hxg6 18. Rxa6 Qe7 19. Qc1 Rfb8 20. a4 Qa3 21.
Rf2 Qa2 22. Rxb2 Rxb2 23. Qf1 Qb3 24. Ra8+ Kh7 25. g4 Ng8 26. g5 Rd2 27. Qh3+
Nh6 28. gxh6 Rd1+ 29. Kf2 Rd2+ 30. Kg3 gxh6 31. Bxg6+ Kg7 32. Rh8 Qxe3 33. Qxh6+
Qxh6 34. Rxh6 Kxh6 35. Bxf7 Re2 36. h4 Kg7 37. Be8 Rd2 38. a5 Ra2 39. Kf4 Kf6
40. Bh5 Rxa5 41. Bg4 Ra4 42. Ke3 Ra3+ 43. Kf4 Rd3 44. h5 Rxd4+ 45. Ke3 Ra4 46.
f4 Ra3+ 47. Kf2 Rc3 48. Ke2 Rg3 49. Bf3 Kf5 50. h6 Rh3 51. Kf2 Kxf4 52. Bg2 0-1

[Event "PRO League Group Stage"]
[Site "chess.com INT"]
[Date "2018.02.07"]
[Round "5"]
[White "Chen, Forest"]
[Black "Shabalov, Alexander"]
[Result "0-1"]
[BlackTitle "GM"]
[WhiteElo "2107"]
[BlackElo "2544"]
[WhiteTeam "Saint Louis Arch Bishops"]
[BlackTeam "Pittsburgh Pawngrabbers"]
[WhiteFideId "30908205"]
[BlackFideId "2008572"]
[EventDate "2018.01.18"]

1. d4 Nc6 2. c4 Nf6 3. Nc3 e5 4. d5 Ne7 5. e4 Ng6 6. h4 h5 7. Bg5 Bb4 8. Ne2 c6
9. a3 Bd6 10. Ng3 Nf4 11. Nf5 Bf8 12. Qd2 g6 13. Bxf4 exf4 14. Nd4 Bg7 15. O-O-O
O-O 16. Kb1 Ng4 17. c5 b6 18. dxc6 bxc5 19. Nf3 Rb8 20. cxd7 Bxd7 21. Bc4 Qa5
22. Ka2 Ba4 23. Nxa4 Qxa4 24. b3 Qc6 25. Rhe1 a5 26. Bd5 Qc7 27. a4 Rb4 28. Rc1
Qd7 29. Qc2 Nxf2 30. Qxc5 Nd3 31. Qxa5 Qg4 32. Rc2 Nxe1 33. Nxe1 Rd4 34. Nf3 Rd1
35. b4 Qd7 36. Qb5 Qe7 37. Qc5 Qd7 38. Qb5 Qa7 39. Rc5 Ra1+ 40. Kb3 Rb1+ 41. Ka2
Rb2+ 42. Ka3 Rxg2 43. a5 Rg3 44. Qe2 Qd7 45. a6 Kh8 46. Kb3 Rd8 47. Ra5 Qh3 48.
e5 Rxd5 49. Rxd5 Rxf3+ 50. Kc2 Ra3 51. Ra5 Qc8+ 52. Kd1 Rc3 53. Qd2 Qg4+ 54. Qe2
f3 55. Qf2 Qd7+ 56. Qd2 Rd3 57. Ra2 f2 58. Ke2 0-1

[Event "PRO League Group Stage"]
[Site "chess.com INT"]
[Date "2018.02.07"]
[Round "5"]
[White "Spoelman, Wouter"]
[Black "Connell, Blair N"]
[Result "1-0"]
[WhiteTitle "GM"]
[WhiteElo "2578"]
[BlackElo "2234"]
[WhiteTeam "Amsterdam Mosquitoes"]
[BlackTeam "London Towers"]
[WhiteFideId "1010891"]
[BlackFideId "403725"]
[EventDate "2018.01.18"]

1. c4 c6 2. Nc3 d5 3. e3 e5 4. Nf3 d4 5. Ne4 Nf6 6. Nxf6+ Qxf6 7. exd4 exd4 8.
d3 Bb4+ 9. Bd2 Bxd2+ 10. Qxd2 O-O 11. Be2 h6 12. O-O Bf5 13. Qf4 c5 14. b4 g5
15. Qg3 cxb4 16. h4 Nc6 17. hxg5 hxg5 18. Nxg5 Qe5 19. Ne4+ Qxg3 20. Nxg3 Bd7
21. Ne4 f5 22. Nc5 Bc8 23. Bf3 Ne5 24. Bd5+ Kg7 25. Rfe1 Kf6 26. Re2 b6 27. Nb3
Rb8 28. Rd1 Bb7 29. Nxd4 Bxd5 30. cxd5 f4 31. Re4 f3 32. gxf3 Rfd8 33. f4 Ng6
34. Nc6 1-0

[Event "PRO League Group Stage"]
[Site "chess.com INT"]
[Date "2018.02.07"]
[Round "5"]
[White "Spoelman, Wouter"]
[Black "Jones, Gawain C B"]
[Result "1-0"]
[WhiteTitle "GM"]
[BlackTitle "GM"]
[WhiteElo "2578"]
[BlackElo "2640"]
[WhiteTeam "Amsterdam Mosquitoes"]
[BlackTeam "London Towers"]
[WhiteFideId "1010891"]
[BlackFideId "409561"]
[EventDate "2018.01.18"]

1. c4 g6 2. Nc3 Bg7 3. g3 Nc6 4. Bg2 e5 5. d3 d6 6. Nf3 Nf6 7. O-O O-O 8. Rb1 a5
9. a3 h6 10. b4 axb4 11. axb4 Be6 12. b5 Ne7 13. Bb2 Qd7 14. Qb3 Bh3 15. Ra1
Rab8 16. Ra7 Qe6 17. Rfa1 Bxg2 18. Kxg2 Nd7 19. e4 f5 20. Nd5 Nc5 21. Qc2 fxe4
22. dxe4 Nxd5 23. cxd5 Qg4 24. Nh4 Qxe4+ 25. Qxe4 Nxe4 26. f3 Ng5 27. Rc1 Rf7
28. Ba3 Rbf8 29. Nxg6 Re8 30. Nh4 e4 31. f4 Nf3 32. Nxf3 exf3+ 33. Kxf3 Bd4 34.
Ra4 Re3+ 35. Kg4 h5+ 36. Kxh5 Bc3 37. Ra8+ Rf8 38. Rxf8+ Kxf8 39. b6 cxb6 40.
Bxd6+ Kf7 41. Rb1 Bd4 42. Rd1 Bf6 43. Bc7 b5 44. d6 Rc3 45. Ba5 Ra3 46. Bb6 Ra6
47. Bc7 Rc6 48. Rd5 b4 49. Rb5 Rc4 50. Rxb7 Ke6 51. Kg4 Bc3 52. h4 Rd4 53. h5
Rd3 54. Ba5 Rd4 55. d7 Rxd7 56. f5+ Ke7 57. Bxb4+ Bxb4 58. Rxb4 Kf6 59. Rb6+ Kg7
60. Kg5 Kh7 61. Re6 Rg7+ 62. Kf4 Ra7 63. g4 Ra4+ 64. Kg5 Ra7 65. f6 Ra5+ 66. Kh4
Kh6 67. g5+ Kh7 68. Re7+ Kg8 69. h6 Ra8 70. Kh5 Kh8 71. f7 Rf8 72. Re8 Kh7 73.
g6+ 1-0

[Event "PRO League Group Stage"]
[Site "chess.com INT"]
[Date "2018.02.07"]
[Round "5"]
[White "Ostrovskiy, Andrey"]
[Black "Naroditsky, Daniel"]
[Result "1/2-1/2"]
[WhiteTitle "IM"]
[BlackTitle "GM"]
[WhiteElo "2448"]
[BlackElo "2619"]
[WhiteTeam "Las Vegas Desert Rats"]
[BlackTeam "San Jose Hackers"]
[WhiteFideId "14110326"]
[BlackFideId "2026961"]
[EventDate "2018.01.18"]

1. e4 e5 2. Nf3 Nc6 3. Bb5 a6 4. Ba4 Nf6 5. d3 b5 6. Bb3 Be7 7. a4 Bb7 8. Nc3 b4
9. Nd5 Na5 10. Nxe7 Nxb3 11. Nf5 Nxc1 12. Qxc1 g6 13. Nh6 Qe7 14. Ng5 d5 15. O-O
dxe4 16. dxe4 Nxe4 17. Nhxf7 Nxg5 18. Nxg5 h6 19. Nh3 O-O-O 20. Qe3 g5 21. Rfe1
Rhe8 22. f3 e4 23. Nf2 Qf6 24. Nxe4 Qxb2 25. Rab1 Qxc2 26. Rec1 Bxe4 27. Qa7 Rd2
28. Rxc2 Bxc2 29. Qxa6+ Kd8 30. Qxh6 Ree2 31. Qxg5+ Kd7 32. Qg7+ Kc8 33. Qg4+
Kd8 34. Qg8+ Kd7 35. Qg4+ Kd8 36. Qg8+ 1/2-1/2

[Event "PRO League Group Stage"]
[Site "chess.com INT"]
[Date "2018.02.07"]
[Round "5"]
[White "Ostrovskiy, Andrey"]
[Black "Kavutskiy, Konstantin"]
[Result "1/2-1/2"]
[WhiteTitle "IM"]
[BlackTitle "IM"]
[WhiteElo "2448"]
[BlackElo "2369"]
[WhiteTeam "Las Vegas Desert Rats"]
[BlackTeam "San Jose Hackers"]
[WhiteFideId "14110326"]
[BlackFideId "2026384"]
[EventDate "2018.01.18"]

1. e4 c5 2. Nf3 e6 3. d4 cxd4 4. Nxd4 Nc6 5. Nc3 Qc7 6. f4 a6 7. Nxc6 bxc6 8.
Bd3 d5 9. O-O Nf6 10. Qe2 Be7 11. Bd2 O-O 12. Rae1 g6 13. Kh1 dxe4 14. Nxe4 Nxe4
15. Bxe4 a5 16. Qf3 Ba6 17. Rf2 Rab8 18. Bc3 Rbc8 19. Rd1 Rfd8 20. Rfd2 Bb4 21.
a3 Bxc3 22. Qxc3 Be2 23. Rxd8+ Rxd8 24. Rxd8+ Qxd8 25. h3 Qd6 26. Qe3 Bc4 27. a4
h5 28. Qc3 Bd5 29. Bxd5 exd5 30. Qxa5 Qxf4 31. Qa8+ Kg7 32. Qxc6 Qf1+ 33. Kh2
Qf4+ 34. Kh1 Qf1+ 35. Kh2 Qf4+ 36. Kh1 1/2-1/2

[Event "PRO League Group Stage"]
[Site "chess.com INT"]
[Date "2018.02.07"]
[Round "5"]
[White "Stukopin, Andrey"]
[Black "Kiewra, Keaton"]
[Result "0-1"]
[WhiteTitle "GM"]
[BlackTitle "IM"]
[WhiteElo "2590"]
[BlackElo "2382"]
[WhiteTeam "Rio Grande Ospreys"]
[BlackTeam "San Diego Surfers"]
[WhiteFideId "24107131"]
[BlackFideId "2019280"]
[EventDate "2018.01.18"]

1. e4 c5 2. Nf3 d6 3. d4 Nf6 4. Nc3 cxd4 5. Nxd4 g6 6. Be2 Bg7 7. h4 Nc6 8. Be3
O-O 9. h5 Nxd4 10. Bxd4 Be6 11. Qd2 Qa5 12. Rd1 Rfc8 13. Kf1 b5 14. hxg6 hxg6
15. Qg5 d5 16. Nxd5 Bxd5 17. exd5 Qxa2 18. d6 Qe6 19. d7 Rxc2 20. Bd3 Rc7 21.
Bxb5 Rd8 22. Rh3 a6 23. Re3 Qd5 24. Re5 Qb3 25. Rd3 Qc2 26. Re2 Qc1+ 27. Qxc1
Rxc1+ 28. Re1 Rxe1+ 29. Kxe1 axb5 0-1

[Event "PRO League Group Stage"]
[Site "chess.com INT"]
[Date "2018.02.07"]
[Round "5"]
[White "Stukopin, Andrey"]
[Black "Brown, Michael William"]
[Result "0-1"]
[WhiteTitle "GM"]
[BlackTitle "IM"]
[WhiteElo "2590"]
[BlackElo "2506"]
[WhiteTeam "Rio Grande Ospreys"]
[BlackTeam "San Diego Surfers"]
[WhiteFideId "24107131"]
[BlackFideId "2037602"]
[EventDate "2018.01.18"]

1. Nf3 d5 2. g3 Nf6 3. Bg2 Bf5 4. c4 e6 5. cxd5 exd5 6. O-O c6 7. d3 Be7 8. Nh4
Be6 9. Qc2 O-O 10. e4 Na6 11. a3 dxe4 12. dxe4 Nc5 13. Nc3 Qd3 14. Qxd3 Nxd3 15.
Nf5 Bxf5 16. exf5 Rad8 17. Be3 Bc5 18. Bxc5 Nxc5 19. b4 Nb3 20. Rad1 Nd4 21. a4
Nxf5 22. a5 Nd4 23. Rfe1 Nc2 24. Rxd8 Rxd8 25. Re7 Rd7 26. Rxd7 Nxd7 27. b5 Nd4
28. bxc6 bxc6 29. Kf1 Nc5 30. Ne2 Ndb3 31. Bxc6 Nxa5 32. Bd5 Nab7 33. Nd4 Nd6
34. Nc6 a6 35. Ke2 Kf8 36. Ke3 Nf5+ 37. Kf4 Ne7 38. Nxe7 Kxe7 39. Ke3 f6 40. Kd4
Kd6 41. Bg8 h6 42. h4 a5 43. h5 f5 44. f3 Ne6+ 45. Kc4 a4 46. f4 a3 47. Kb3 Nd4+
48. Kxa3 Ne2 49. Kb3 Nxg3 50. Bf7 Ne2 51. Kc4 Nxf4 52. Kd4 Ke7 53. Bg8 Kf6 0-1

[Event "PRO League Group Stage"]
[Site "chess.com INT"]
[Date "2018.02.07"]
[Round "5"]
[White "Kantane, Anna"]
[Black "Hansen, Torbjorn Ringdal"]
[Result "0-1"]
[WhiteTitle "WIM"]
[BlackTitle "GM"]
[WhiteElo "2243"]
[BlackElo "2410"]
[WhiteTeam "Riga Magicians"]
[BlackTeam "Norway Gnomes"]
[WhiteFideId "1135988"]
[BlackFideId "1501720"]
[EventDate "2018.01.18"]

1. e4 c6 2. d4 d5 3. Nc3 dxe4 4. Nxe4 Nf6 5. Nxf6+ exf6 6. c3 Bd6 7. Bd3 O-O 8.
Qc2 Re8+ 9. Ne2 h5 10. Be3 Nd7 11. O-O-O Nf8 12. Ng3 Be6 13. c4 g6 14. Kb1 Rc8
15. Ne4 b5 16. Nxd6 Qxd6 17. Rd2 a5 18. h4 a4 19. Rc1 f5 20. g3 Nh7 21. Bf4 Qd8
22. Be5 Nf6 23. Bxf6 Qxf6 24. Qc3 Red8 25. Bf1 Rb8 26. f4 b4 27. Qe3 Re8 28. Qf3
Bd7 29. d5 a3 30. Bg2 cxd5 31. cxd5 Ba4 32. b3 Bb5 33. Qf2 Rbc8 34. Qd4 Rxc1+
35. Kxc1 Re1+ 36. Kc2 Qd6 37. Rd1 Qc7+ 38. Kb1 Rxd1+ 39. Qxd1 Qc3 40. Qc2 Bd3 0-1

[Event "PRO League Group Stage"]
[Site "chess.com INT"]
[Date "2018.02.07"]
[Round "5"]
[White "Kantane, Anna"]
[Black "Fressinet, Laurent"]
[Result "1-0"]
[WhiteTitle "WIM"]
[BlackTitle "GM"]
[WhiteElo "2243"]
[BlackElo "2662"]
[WhiteTeam "Riga Magicians"]
[BlackTeam "Norway Gnomes"]
[WhiteFideId "1135988"]
[BlackFideId "608742"]
[EventDate "2018.01.18"]

1. e4 e5 2. Nf3 Nc6 3. Bb5 a6 4. Ba4 d6 5. d4 b5 6. Bb3 Nxd4 7. Nxd4 exd4 8. c3
d3 9. a4 Bd7 10. Qxd3 Nf6 11. O-O Be7 12. f4 O-O 13. Bc2 g6 14. Nd2 d5 15. f5
Bd6 16. exd5 Ng4 17. Ne4 Bxh2+ 18. Kh1 Bxf5 19. Rxf5 gxf5 20. Qh3 Qe7 21. Bd2
Kh8 22. Rf1 fxe4 23. Qxg4 f5 24. Rxf5 Rxf5 25. Qxf5 Rf8 26. Qxe4 Bd6 27. Kg1 Qf6
28. Qxh7# 1-0